000 00482nam a2200157 i 4500
001 43359
003 ES-MaACL
005 20230906160758.0
007 t|
008 030317s1979 sp ||||1| spa d
100 1 _aCatarineu, José Antonio.
_937048
245 1 0 _aInquilinos de un bául
_b: (versos de un mal poeta chiflado y sentimental) /
_cJosé Antonio Catarineu.
260 _aMadrid :
_b[s.n.],
_c1979.
300 _a166 p. ;
_c20 cm.
852 _aES-MaACL
_jC-12897
_bR.100470
999 _c43359
_d43359